[Event "European Hybrid Qual 2021"]
[Site "Tornelo INT"]
[Date "2021.05.24"]
[Round "1.1"]
[White "Sumets, Andrey"]
[Black "Gumularz, Szymon"]
[Result "0-1"]
[WhiteTitle "GM"]
[BlackTitle "IM"]
[WhiteElo "2546"]
[BlackElo "2517"]
[WhiteFideId "14105500"]
[BlackFideId "1188062"]
[EventDate "2021.05.24"]
[EventType "k.o."]

1. d4 Nf6 2. c4 e6 3. Nc3 Bb4 4. Qc2 c5 5. dxc5 O-O 6. a3 Bxc5 7. Nf3 b6 8. Bf4
Nh5 9. Bg5 Be7 10. h4 Nc6 11. O-O-O Bb7 12. e4 Rc8 13. Nb5 f6 14. Be3 a6 15. Nd6
Bxd6 16. Rxd6 Qe7 17. Rd1 Na5 18. Bxb6 Nxc4 19. Bxc4 Rxc4 20. Qxc4 Rc8 21. Bc7
d5 22. Qb3 Rxc7+ 23. Kb1 dxe4 24. Nd4 Bd5 25. Qb8+ Kf7 26. Nf5 exf5 27. Rxd5 Nf4
28. Rd8 Nd3 29. h5 Qc5 30. Rf8+ Ke6 31. Ka1 Rd7 32. Qe8+ Re7 33. Qa8 Qb6 34. Rb8
Qd6 35. Rd1 Ke5 36. g3 f4 37. Rd8 Qc5 38. gxf4+ Kxf4 39. Qxa6 Ra7 40. Qd6+ Qxd6
41. Rxd6 Nxf2 42. Rf1 e3 43. h6 f5 44. hxg7 Rxg7 45. b4 Kf3 46. b5 e2 47. Re1
Ne4 48. Rd5 f4 49. Rb1 Ke3 50. b6 f3 51. Rh5 f2 52. Rh3+ Kf4 0-1

[Event "European Hybrid Qual 2021"]
[Site "Tornelo INT"]
[Date "2021.05.25"]
[Round "1.2"]
[White "Gumularz, Szymon"]
[Black "Sumets, Andrey"]
[Result "1/2-1/2"]
[WhiteTitle "IM"]
[BlackTitle "GM"]
[WhiteElo "2517"]
[BlackElo "2546"]
[WhiteFideId "1188062"]
[BlackFideId "14105500"]
[EventDate "2021.05.24"]
[EventType "k.o."]

1. Nf3 c5 2. c4 Nc6 3. Nc3 g6 4. e3 Bg7 5. d4 Nf6 6. d5 Nb4 7. e4 d6 8. Be2 O-O
9. O-O e5 10. Ne1 Ne8 11. a3 Na6 12. Nd3 b6 13. f4 exf4 14. Bxf4 Qe7 15. Qd2
Nac7 16. Rae1 Bd4+ 17. Kh1 f6 18. Bh6 Ng7 19. Bf3 Ba6 20. Ne2 Be5 21. b3 Rad8
22. a4 Bc8 23. Nxe5 dxe5 24. Qc3 Na6 25. Ng3 Rf7 26. Rf2 Ne8 27. Ref1 Nd6 28.
Bd1 Nb4 29. Qe3 Re8 30. h3 Kh8 31. Bg4 Rg8 32. Bxc8 Rxc8 33. Qe2 Rg8 34. Bc1 h5
35. Re1 Re8 36. Bb2 Kg7 37. Kg1 Qd7 38. Nf1 Kh7 39. Nh2 Rff8 40. Nf3 Qg7 41.
Ref1 Kg8 42. Nh4 Rf7 43. Rf3 g5 44. Nf5 Nxf5 45. Rxf5 Qg6 1/2-1/2

[Event "European Hybrid Qual 2021"]
[Site "Tornelo INT"]
[Date "2021.05.24"]
[Round "1.1"]
[White "Jobava, Baadur"]
[Black "Elsness, Frode"]
[Result "1-0"]
[WhiteTitle "GM"]
[BlackTitle "IM"]
[WhiteElo "2603"]
[BlackElo "2459"]
[WhiteFideId "13601520"]
[BlackFideId "1501100"]
[EventDate "2021.05.24"]
[EventType "k.o."]

1. d4 Nf6 2. c4 g6 3. g3 c6 4. d5 b5 5. Bg2 bxc4 6. e4 Bb7 7. Nc3 cxd5 8. exd5
Bg7 9. Nge2 O-O 10. O-O d6 11. Nd4 Nbd7 12. Bg5 Nb6 13. Re1 Re8 14. Rc1 Rc8 15.
Ndb5 a6 16. Na7 Rc7 17. Be3 Nc8 18. Nc6 Qd7 19. Nb8 Qd8 20. Bh3 e6 21. dxe6 fxe6
22. Qa4 d5 23. Nxa6 Bxa6 24. Qxa6 Qd7 25. Bd4 Rc6 26. Qa4 Kf7 27. Rcd1 Qb7 28.
Rd2 Nd6 29. Qd1 Nf5 30. Bxf5 gxf5 31. Bxf6 Bxf6 32. Nxd5 Bxb2 33. Ne3 Kf8 34.
Rd7 Qc8 35. Rxh7 Bg7 36. Qh5 c3 37. Rxg7 Kxg7 38. Nxf5+ Kf6 39. Qh6+ Kxf5 40.
g4+ Kxg4 41. Qg6+ Kf4 42. Re4+ Kf3 43. Qg4# 1-0

[Event "European Hybrid Qual 2021"]
[Site "Tornelo INT"]
[Date "2021.05.25"]
[Round "1.2"]
[White "Elsness, Frode"]
[Black "Jobava, Baadur"]
[Result "1/2-1/2"]
[WhiteTitle "IM"]
[BlackTitle "GM"]
[WhiteElo "2459"]
[BlackElo "2603"]
[WhiteFideId "1501100"]
[BlackFideId "13601520"]
[EventDate "2021.05.24"]
[EventType "k.o."]

1. d4 d5 2. c4 c6 3. Nc3 Nf6 4. e3 g6 5. Nf3 Bg7 6. Be2 O-O 7. O-O a6 8. a4 Bg4
9. Qb3 Ra7 10. h3 Bxf3 11. Bxf3 e6 12. Rd1 Nbd7 13. e4 dxe4 14. Nxe4 Nxe4 15.
Bxe4 c5 16. dxc5 Nxc5 17. Qc2 Qc7 18. Bf3 a5 19. Be3 b6 20. Rd2 Be5 21. Rad1
Bh2+ 22. Kh1 Bf4 23. Bxf4 Qxf4 24. Rd4 Qf5 25. Qxf5 gxf5 26. Bc6 Kg7 27. Kg1 h5
28. Rd8 Rc7 29. Bb5 Rxd8 30. Rxd8 Nb7 31. Rb8 Kf6 32. f4 h4 33. Kf2 Nd6 34. b3
Rb7 35. Rg8 Rc7 36. Rb8 Rb7 37. Rg8 Rc7 38. Ra8 Rc8 39. Rxc8 Nxc8 40. Bc6 Ke7
41. g3 Kd6 42. Be8 Ke7 43. Bc6 Kd6 44. Bb5 hxg3+ 45. Kxg3 Ne7 46. h4 Ng8 47. h5
Nh6 48. Kf3 Kc5 49. Ke3 f6 50. Kd3 e5 51. Kc3 exf4 52. Kd3 Kb4 53. Ke2 Kxb3 54.
Kf3 Kc3 55. Kxf4 Kd4 56. Ba6 Kc5 57. Ke3 Ng4+ 58. Kd3 Ne5+ 59. Kc3 Nf7 60. Bb7
Nh6 61. Bc8 f4 62. Bb7 Kd6 63. Kd3 Ke5 64. Bf3 f5 65. c5 bxc5 66. Kc4 Ng4 67.
Kxc5 Nh2 68. h6 Kf6 69. h7 Kg7 70. Bd5 f3 71. Kb5 f2 72. Bc4 f1=Q 73. Bxf1 Nxf1
74. Kxa5 Kxh7 75. Kb5 Ne3 76. Kc5 f4 77. a5 f3 78. a6 Nd5 79. a7 Nc7 80. Kc6 Na8
81. Kb7 f2 82. Kxa8 f1=Q 83. Kb7 Qb5+ 84. Kc7 Qa6 85. Kb8 Qb6+ 86. Ka8 Kg7 1/2-1/2

[Event "European Hybrid Qual 2021"]
[Site "Tornelo INT"]
[Date "2021.05.24"]
[Round "1.1"]
[White "Pancevski, Filip"]
[Black "Nanu, Costica-Ciprian"]
[Result "1/2-1/2"]
[WhiteTitle "IM"]
[BlackTitle "GM"]
[WhiteElo "2519"]
[BlackElo "2514"]
[WhiteFideId "15002187"]
[BlackFideId "1204580"]
[EventDate "2021.05.24"]
[EventType "k.o."]

1. e4 c5 2. Nf3 d6 3. Bb5+ Nd7 4. O-O a6 5. Bd3 Ngf6 6. Re1 g6 7. c3 Bg7 8. Bc2
O-O 9. d4 cxd4 10. cxd4 b5 11. a3 Bb7 12. Nc3 Nb6 13. Qe2 Rc8 14. Bd3 Qc7 15.
Bf4 Nh5 16. Be3 Nc4 17. Bxc4 Qxc4 18. Qxc4 Rxc4 19. Nd2 Rc7 20. g4 Nf6 21. f3
Nd7 22. a4 bxa4 23. Rxa4 f5 24. g5 fxe4 25. fxe4 Rb8 26. Rea1 Kf7 27. Rb4 Bc8
28. Raa4 Rcb7 29. Rxb7 Rxb7 30. Rc4 Nb6 31. Rb4 Na8 32. Rxb7 Bxb7 33. Kf2 Nc7
34. Ke2 Bc8 35. Kd3 Bd7 36. Kc4 Nb5 37. Kd3 Nxc3 38. bxc3 Ke8 39. d5 Kd8 40. Bd4
Bxd4 41. Kxd4 Kc7 42. c4 a5 43. c5 dxc5+ 44. Kxc5 a4 45. Nc4 Bh3 46. e5 Bf1 47.
Na3 Bd3 48. Kd4 Be2 49. Kc5 Bd3 50. Kd4 Be2 51. Kc5 1/2-1/2

[Event "European Hybrid Qual 2021"]
[Site "Tornelo INT"]
[Date "2021.05.25"]
[Round "1.2"]
[White "Nanu, Costica-Ciprian"]
[Black "Pancevski, Filip"]
[Result "0-1"]
[WhiteTitle "GM"]
[BlackTitle "IM"]
[WhiteElo "2514"]
[BlackElo "2519"]
[WhiteFideId "1204580"]
[BlackFideId "15002187"]
[EventDate "2021.05.24"]
[EventType "k.o."]

1. Nf3 Nf6 2. c4 g6 3. g3 Bg7 4. Bg2 O-O 5. O-O d6 6. Nc3 e5 7. d4 Nbd7 8. dxe5
dxe5 9. h3 c6 10. Be3 Qe7 11. Qb3 Ne8 12. Rad1 f5 13. Bg5 Qf7 14. e4 f4 15. Bd8
h6 16. Qb4 Nd6 17. Qxd6 Rxd8 18. Nh4 Bf6 19. Nf3 Nf8 20. Qb4 Re8 21. gxf4 Ne6
22. Nxe5 Bxe5 23. fxe5 Nf4 24. Rd6 Be6 25. Re1 Nxg2 26. Kxg2 Bxh3+ 27. Kg3 Rxe5
28. f4 Rf8 29. Ne2 Be6 30. c5 Bc4 31. f5 gxf5 32. Qc3 Qg7+ 33. Kh2 fxe4 34.
Qxc4+ Kh8 35. Ng3 Rf2+ 36. Kh3 Rh5+ 37. Nxh5 Qg2+ 38. Kh4 Qg5+ 39. Kh3 Qxh5+ 0-1

[Event "European Hybrid Qual 2021"]
[Site "Tornelo INT"]
[Date "2021.05.24"]
[Round "1.1"]
[White "Moroni, Luca Jr"]
[Black "Mihajlov, Sebastian"]
[Result "1/2-1/2"]
[WhiteTitle "GM"]
[BlackTitle "IM"]
[WhiteElo "2546"]
[BlackElo "2384"]
[WhiteFideId "865834"]
[BlackFideId "1512110"]
[EventDate "2021.05.24"]
[EventType "k.o."]

1. c4 c6 2. Nf3 Nf6 3. d4 d5 4. e3 e6 5. Nbd2 Nbd7 6. Bd3 Bd6 7. O-O O-O 8. e4
dxe4 9. Nxe4 Nxe4 10. Bxe4 Nf6 11. Bc2 c5 12. dxc5 Bxc5 13. Qe2 b6 14. Bg5 Bb7
15. Rad1 Qe7 16. Ne5 Rfd8 17. Ng4 Bd4 18. Qd3 Qc5 19. Nxf6+ gxf6 20. Qxh7+ Kf8
21. Bh6+ Ke7 22. Bg6 Rf8 23. b4 Qxc4 24. Rfe1 Qxb4 25. Bxf8+ Rxf8 26. Be4 Ba6
27. Qh4 Rd8 28. Bf3 Qb2 29. a4 Bc4 30. Rc1 Qa2 31. Bc6 a6 32. Qg3 e5 33. h4 Bc5
34. Rcd1 Rd2 35. Rxe5+ Be6 36. Rxe6+ Qxe6 37. Qc7+ Kf8 38. Qb8+ Kg7 39. Qg3+ Kh8
40. Qb8+ Kg7 41. Qg3+ Kh8 42. Qb8+ Kg7 1/2-1/2

[Event "European Hybrid Qual 2021"]
[Site "Tornelo INT"]
[Date "2021.05.25"]
[Round "1.2"]
[White "Mihajlov, Sebastian"]
[Black "Moroni, Luca Jr"]
[Result "1/2-1/2"]
[WhiteTitle "IM"]
[BlackTitle "GM"]
[WhiteElo "2384"]
[BlackElo "2546"]
[WhiteFideId "1512110"]
[BlackFideId "865834"]
[EventDate "2021.05.24"]
[EventType "k.o."]

1. e4 e6 2. d4 d5 3. Nc3 dxe4 4. Nxe4 Nd7 5. Nf3 Ngf6 6. Nxf6+ Nxf6 7. Bg5 h6 8.
Be3 Bd6 9. Bd3 Nd5 10. Bd2 Nf4 11. Bxf4 Bxf4 12. Qe2 Qf6 13. Ne5 Bd7 1/2-1/2

[Event "European Hybrid Qual 2021"]
[Site "Tornelo INT"]
[Date "2021.05.25"]
[Round "1.3"]
[White "Mihajlov, Sebastian"]
[Black "Moroni, Luca Jr"]
[Result "1/2-1/2"]
[WhiteTitle "IM"]
[BlackTitle "GM"]
[WhiteElo "2384"]
[BlackElo "2546"]
[WhiteFideId "1512110"]
[BlackFideId "865834"]
[EventDate "2021.05.24"]
[EventType "k.o."]

1. e4 e6 2. d4 d5 3. Nc3 dxe4 4. Nxe4 Nd7 5. Nf3 Ngf6 6. Nxf6+ Nxf6 7. Bg5 c5 8.
Bb5+ Bd7 9. Bxd7+ Qxd7 10. O-O cxd4 11. Nxd4 Be7 12. c4 a6 13. Nf3 Qc7 14. Qe2
O-O 15. h3 Rfd8 16. Rfd1 h6 1/2-1/2

[Event "European Hybrid Qual 2021"]
[Site "Tornelo INT"]
[Date "2021.05.25"]
[Round "1.4"]
[White "Moroni, Luca Jr"]
[Black "Mihajlov, Sebastian"]
[Result "1/2-1/2"]
[WhiteTitle "GM"]
[BlackTitle "IM"]
[WhiteElo "2546"]
[BlackElo "2384"]
[WhiteFideId "865834"]
[BlackFideId "1512110"]
[EventDate "2021.05.24"]
[EventType "k.o."]

1. c4 c6 2. Nf3 d5 3. d4 Nf6 4. e3 Bg4 5. h3 Bh5 6. g4 Bg6 7. Ne5 Be4 8. f3 Bxb1
9. Rxb1 e6 10. Qb3 Qc7 11. cxd5 exd5 12. Bd3 Bd6 13. f4 O-O 14. Qc2 g6 15. Bd2
c5 16. dxc5 Bxe5 17. fxe5 Qxe5 18. Kf2 Nc6 19. b4 a6 20. Rbe1 Rfe8 21. Kg2 Ne4
22. Bxe4 Qxe4+ 23. Qxe4 1/2-1/2

[Event "European Hybrid Qual 2021"]
[Site "Tornelo INT"]
[Date "2021.05.25"]
[Round "1.5"]
[White "Mihajlov, Sebastian"]
[Black "Moroni, Luca Jr"]
[Result "1-0"]
[WhiteTitle "IM"]
[BlackTitle "GM"]
[WhiteElo "2384"]
[BlackElo "2546"]
[WhiteFideId "1512110"]
[BlackFideId "865834"]
[EventDate "2021.05.24"]
[EventType "k.o."]

1. d4 d5 2. Nf3 Nf6 3. e3 e6 4. Bd3 b6 5. b3 Bb7 6. Bb2 Nbd7 7. O-O Bd6 8. Ne5
c5 9. Nd2 a6 10. c4 cxd4 11. exd4 O-O 12. Rc1 dxc4 13. Ndxc4 Be7 14. Qe2 b5 15.
Ne3 Rc8 16. Rcd1 Qc7 17. Bb1 Nd5 18. Nxd5 Bxd5 19. f4 f5 20. Rd3 Nxe5 21. fxe5
g6 22. Rg3 Rf7 23. Bd3 Qd8 24. Rh3 Qf8 25. Bc1 Rc3 26. Bh6 Qc8 27. Qd2 b4 28.
Bg5 Bxg5 29. Qxg5 Qc7 30. Qd2 Qb6 31. Qf4 a5 32. Rg3 Qd8 33. h4 Rg7 34. Qh6 Qf8
35. Kh2 Qf7 36. Qg5 Qe7 37. Qf4 Qf7 38. Rg5 h6 39. Rg3 Kh7 40. Qd2 Qe7 41. Rh3
g5 42. hxg5 Qxg5 43. Qxg5 Rxg5 44. Rf2 Rg4 45. Be2 Rxd4 46. Bf3 Rdd3 47. Kg3
Bxf3 48. gxf3 Kg6 49. Rg2 Kg5 50. Kh2+ Kf4 51. Re2 Rxf3 52. Rh4+ Kg5 53. Rg2+
Kxh4 54. Rg6 Rh3+ 55. Kg2 Rcg3+ 56. Kf1 1-0

[Event "European Hybrid Qual 2021"]
[Site "Tornelo INT"]
[Date "2021.05.24"]
[Round "1.1"]
[White "Ivanisevic, Ivan"]
[Black "Lortkipanidze, Nodar"]
[Result "0-1"]
[WhiteTitle "GM"]
[BlackTitle "IM"]
[WhiteElo "2606"]
[BlackElo "2430"]
[WhiteFideId "912417"]
[BlackFideId "13604058"]
[EventDate "2021.05.24"]
[EventType "k.o."]

1. d4 e6 2. c4 b6 3. a3 Bb7 4. Nc3 f5 5. Bf4 Nf6 6. e3 Be7 7. Nh3 O-O 8. Bg3 Ne4
9. Nxe4 fxe4 10. Be2 Bf6 11. O-O Nc6 12. d5 Ne5 13. Nf4 g5 14. Nh5 Bh8 15. Rc1
Qe8 16. Rc2 Qf7 17. Rd2 exd5 18. cxd5 Rae8 19. Qa4 Bxd5 20. Rxd5 Qxd5 21. Bxe5
Qxe5 22. Qxd7 Bg7 23. Bc4+ Kh8 24. b3 Rd8 25. Qc6 Qe8 26. Qxe8 Rfxe8 27. g4 Be5
28. a4 c6 29. Rc1 Rd2 30. Bf7 Bxh2+ 31. Kg2 Rf8 32. Rxc6 Bd6 33. Nf6 Rxf7 34.
Nxe4 Bb4 35. Rc4 a5 36. Nxd2 Bxd2 37. Rc6 Rb7 38. Kf3 Bb4 39. Ke4 Bc5 40. Ke5
Kg7 41. Re6 Rf7 42. f4 Bxe3 43. f5 Bc5 44. Rc6 Re7+ 45. Kd5 Re3 46. Rc7+ Kg8 47.
f6 Bf8 48. Rb7 Rg3 49. Ke6 Rxg4 50. Rxb6 Rb4 51. Ra6 g4 52. Rxa5 h6 53. Rd5 g3
54. Kf5 g2 55. Rd1 Bc5 56. Rd8+ Kf7 57. Rd7+ Ke8 0-1

[Event "European Hybrid Qual 2021"]
[Site "Tornelo INT"]
[Date "2021.05.25"]
[Round "1.2"]
[White "Lortkipanidze, Nodar"]
[Black "Ivanisevic, Ivan"]
[Result "0-1"]
[WhiteTitle "IM"]
[BlackTitle "GM"]
[WhiteElo "2430"]
[BlackElo "2606"]
[WhiteFideId "13604058"]
[BlackFideId "912417"]
[EventDate "2021.05.24"]
[EventType "k.o."]

1. e4 c5 2. c3 d5 3. exd5 Qxd5 4. d4 g6 5. Nf3 Bg7 6. Na3 cxd4 7. Nb5 Na6 8. Be3
Nf6 9. Qxd4 O-O 10. Bc4 Qc6 11. O-O Ng4 12. Qd5 Nxe3 13. fxe3 Qxd5 14. Bxd5 Nc5
15. Nfd4 Bd7 16. c4 Bxb5 17. cxb5 Rad8 18. Bf3 Bxd4 19. exd4 Rxd4 20. Rac1 b6
21. Rfe1 e6 22. Re3 Rfd8 23. a3 e5 24. b4 Nd3 25. Rc7 f5 26. g4 e4 27. gxf5 exf3
28. f6 Rg4+ 29. Kf1 f2 0-1

[Event "European Hybrid Qual 2021"]
[Site "Tornelo INT"]
[Date "2021.05.25"]
[Round "1.3"]
[White "Lortkipanidze, Nodar"]
[Black "Ivanisevic, Ivan"]
[Result "0-1"]
[WhiteTitle "IM"]
[BlackTitle "GM"]
[WhiteElo "2430"]
[BlackElo "2606"]
[WhiteFideId "13604058"]
[BlackFideId "912417"]
[EventDate "2021.05.24"]
[EventType "k.o."]

1. e4 e5 2. Nf3 Nc6 3. d4 exd4 4. Nxd4 Nf6 5. Nxc6 bxc6 6. e5 Nd5 7. c4 Ne7 8.
Bd3 Ng6 9. O-O d6 10. Re1 dxe5 11. Bxg6 hxg6 12. Rxe5+ Be6 13. Qe2 Bd6 14. Rxe6+
fxe6 15. Qxe6+ Kf8 16. g3 Bxg3 17. fxg3 Qd1+ 18. Kg2 Re8 19. Qxe8+ Kxe8 0-1

[Event "European Hybrid Qual 2021"]
[Site "Tornelo INT"]
[Date "2021.05.25"]
[Round "1.4"]
[White "Ivanisevic, Ivan"]
[Black "Lortkipanidze, Nodar"]
[Result "1-0"]
[WhiteTitle "GM"]
[BlackTitle "IM"]
[WhiteElo "2606"]
[BlackElo "2430"]
[WhiteFideId "912417"]
[BlackFideId "13604058"]
[EventDate "2021.05.24"]
[EventType "k.o."]

1. d4 e6 2. c4 b6 3. a3 Bb7 4. Nc3 f5 5. Bf4 Nf6 6. e3 Bd6 7. Bxd6 cxd6 8. d5
O-O 9. Nf3 Na6 10. b4 Nc7 11. Be2 Ne4 12. Rc1 Qf6 13. Qd4 Nxc3 14. Qxf6 Rxf6 15.
Rxc3 Rc8 16. Kd2 h6 17. Rhc1 g5 18. Nd4 Rcf8 19. a4 Kh8 20. Nb5 Na6 21. Nxd6 Ba8
22. Nb5 Nxb4 23. Nxa7 Na2 24. Nb5 Nxc1 25. Rxc1 exd5 26. cxd5 Bxd5 27. Rc7 Bc6
28. Bd3 Ra8 29. Nd4 Rxa4 30. Nxf5 Ra2+ 31. Ke1 Ra1+ 32. Kd2 Rf8 33. e4 b5 34. f3
b4 35. Nd4 Ra2+ 36. Ke3 Rb8 37. e5 Ra5 38. e6 Re5+ 39. Kf2 Rd5 40. Nxc6 dxc6 41.
Bg6 b3 42. e7 b2 43. Rxc6 Kg7 44. Rb6 Rxb6 45. e8=Q Rxg6 46. Qe7+ Kh8 47. Qb7
Rd2+ 48. Kg3 Rgd6 49. Qf7 Rd7 50. Qf6+ Kh7 51. Qf5+ Kg8 52. Qg6+ Kf8 53. Qxh6+
Ke8 54. Qe6+ Kd8 55. Qb6+ Ke7 56. Qb4+ Ke6 57. Qb3+ R7d5 58. Kh3 g4+ 59. Kg3
Rxg2+ 60. Kxg2 gxf3+ 61. Kxf3 Ke5 62. Qxb2+ Kf5 63. Qc2+ 1-0

[Event "European Hybrid Qual 2021"]
[Site "Tornelo INT"]
[Date "2021.05.24"]
[Round "1.1"]
[White "Petrov, Martin"]
[Black "Buckels, Valentin"]
[Result "1/2-1/2"]
[WhiteTitle "IM"]
[BlackTitle "IM"]
[WhiteElo "2524"]
[BlackElo "2448"]
[WhiteFideId "2911086"]
[BlackFideId "12942766"]
[EventDate "2021.05.24"]
[EventType "k.o."]

1. e4 c6 2. d4 d5 3. e5 Bf5 4. Nf3 e6 5. Be2 Ne7 6. O-O Ng6 7. h3 c5 8. Be3 Nc6
9. dxc5 Ngxe5 10. Nxe5 Nxe5 11. Na3 Nd7 12. c4 Bxc5 13. Bxc5 Nxc5 14. Qd4 Ne4
15. Qxg7 Qf6 16. Qxf6 Nxf6 17. cxd5 Nxd5 18. Bf3 O-O-O 19. Rfd1 Nf6 20. Nb5 Bd3
21. Rac1+ Kb8 22. Rc7 Nd5 23. Rc5 b6 24. Rxd5 Rxd5 25. Bxd5 Bxb5 26. Bb3 Kc7 27.
f4 Rd8 28. Rxd8 Kxd8 29. Kf2 Ke7 30. g4 h6 31. h4 f6 32. Ke3 Kd6 33. Kd4 Be8 34.
Bc2 Bf7 35. a3 e5+ 36. fxe5+ fxe5+ 37. Ke3 Bd5 38. Be4 Bc4 39. g5 hxg5 40. hxg5
Ke6 41. Kf3 Bb5 42. Bc2 Bc4 43. Bh7 Bb5 44. Be4 Bc4 45. Ke3 Bb5 46. Bh7 Ba6 47.
Bb1 Bc4 48. Kd2 Bb5 49. Be4 Bc4 50. Ke1 Bd5 51. Bc2 e4 52. Kd2 Kf5 53. Ke3 Kxg5
54. Kd4 e3 55. Kxe3 Kf6 56. Kd4 Ke6 57. Be4 Bb3 58. Kc3 Bd1 59. Kd4 Kd6 60. Bd5 1/2-1/2

[Event "European Hybrid Qual 2021"]
[Site "Tornelo INT"]
[Date "2021.05.25"]
[Round "1.2"]
[White "Buckels, Valentin"]
[Black "Petrov, Martin"]
[Result "0-1"]
[WhiteTitle "IM"]
[BlackTitle "IM"]
[WhiteElo "2448"]
[BlackElo "2524"]
[WhiteFideId "12942766"]
[BlackFideId "2911086"]
[EventDate "2021.05.24"]
[EventType "k.o."]

1. d4 Nf6 2. c4 e6 3. Nc3 Bb4 4. Qc2 d5 5. cxd5 exd5 6. Bg5 h6 7. Bh4 O-O 8. e3
c5 9. dxc5 Be6 10. Nf3 Nbd7 11. a3 Bxc3+ 12. Qxc3 g5 13. Bg3 Ne4 14. Qc2 Rc8 15.
b4 Ndxc5 16. bxc5 Qa5+ 17. Nd2 Rxc5 18. Qb2 Rfc8 19. Rd1 Nc3 20. Rc1 Na4 21.
Rxc5 Qxc5 22. Qb3 Qc1+ 23. Qd1 Qxa3 24. Bd6 Qa2 25. Be5 Nb2 26. Bxb2 Qxb2 27.
Qb3 Qa1+ 28. Ke2 Rc1 29. Qb4 Re1+ 30. Kf3 Qf6+ 31. Kg3 Qe5+ 32. f4 Qxe3+ 33. Nf3
Rd1 34. fxg5 hxg5 35. Qa4 Rd2 0-1

[Event "European Hybrid Qual 2021"]
[Site "Tornelo INT"]
[Date "2021.05.24"]
[Round "1.1"]
[White "Nenezic, Marko"]
[Black "Kacharava, Nikolozi"]
[Result "1/2-1/2"]
[WhiteTitle "IM"]
[BlackTitle "IM"]
[WhiteElo "2532"]
[BlackElo "2443"]
[WhiteFideId "912123"]
[BlackFideId "13611860"]
[EventDate "2021.05.24"]
[EventType "k.o."]

1. Nf3 d5 2. g3 Nd7 3. d4 Nb6 4. Nbd2 Bf5 5. Nh4 e6 6. Nxf5 exf5 7. Bg2 Nf6 8.
c4 c6 9. cxd5 cxd5 10. Qb3 Ne4 11. a4 Qd7 12. a5 Nxd2 13. Bxd2 Nc4 14. Bc1 b6
15. axb6 Nxb6 16. Ra5 Rd8 17. O-O Be7 18. Qa2 Qe6 19. e3 O-O 20. Rxa7 Bb4 21. b3
Ra8 22. Rxa8 Rxa8 23. Qb2 Qc6 24. Bd2 Qb5 25. Bxb4 Qxb4 26. Rc1 g6 27. Bf3 h5
28. h4 Kg7 29. Kg2 Na4 30. Qc2 Nb6 31. Qc7 Qxb3 32. Rc6 Nc4 33. Rxc4 Qxc4 34.
Qe5+ f6 35. Qe7+ Kh6 36. Qxf6 Qa6 37. Qg5+ Kg7 38. Qe7+ Kh6 39. Bxd5 Rb8 40.
Qg5+ Kg7 41. Qe7+ Kh6 42. e4 Qa5 43. Qg5+ Kg7 44. Qe7+ Kh6 45. Qg5+ Kg7 46. Qe7+
Kh6 1/2-1/2

[Event "European Hybrid Qual 2021"]
[Site "Tornelo INT"]
[Date "2021.05.25"]
[Round "1.2"]
[White "Kacharava, Nikolozi"]
[Black "Nenezic, Marko"]
[Result "0-1"]
[WhiteTitle "IM"]
[BlackTitle "IM"]
[WhiteElo "2443"]
[BlackElo "2532"]
[WhiteFideId "13611860"]
[BlackFideId "912123"]
[EventDate "2021.05.24"]
[EventType "k.o."]

1. e4 c5 2. Nf3 d6 3. d4 cxd4 4. Nxd4 Nf6 5. Nc3 a6 6. h3 e6 7. g4 Nfd7 8. g5
Be7 9. Be3 b5 10. a3 Bb7 11. h4 Nb6 12. Qd2 N8d7 13. Be2 Ne5 14. b3 d5 15. f4
Ned7 16. f5 e5 17. Ne6 fxe6 18. Bh5+ g6 19. fxg6 O-O 20. gxh7+ Kh8 21. g6 Bf6
22. O-O-O d4 23. Bh6 Bg7 24. Bxg7+ Kxg7 25. Rhf1 Rf6 26. Ne2 Qe7 27. Ng3 Qxa3+
28. Kb1 Nc4 29. bxc4 bxc4 30. Be2 Bd5 31. h8=Q+ Rxh8 32. Nh5+ Rxh5 33. exd5 exd5
34. Rxf6 Nxf6 35. Bxh5 Ne4 0-1

[Event "European Hybrid Qual 2021"]
[Site "Tornelo INT"]
[Date "2021.05.24"]
[Round "1.1"]
[White "Georgiev, Kiril"]
[Black "Sebenik, Matej"]
[Result "1-0"]
[WhiteTitle "GM"]
[BlackTitle "GM"]
[WhiteElo "2589"]
[BlackElo "2498"]
[WhiteFideId "2900017"]
[BlackFideId "14602296"]
[EventDate "2021.05.24"]
[EventType "k.o."]

1. c4 c6 2. Nf3 d5 3. e3 Nf6 4. Nc3 a6 5. h3 g6 6. d4 Bg7 7. Bd3 O-O 8. O-O b5
9. b3 Bf5 10. Bb2 Nbd7 11. cxd5 cxd5 12. Rc1 Bxd3 13. Qxd3 Qb8 14. a4 bxa4 15.
Nxa4 Qb5 16. Qxb5 axb5 17. Nc5 Ra2 18. Nd3 e6 19. Rc7 Rb8 20. g4 h6 21. Rfc1 Bf8
22. h4 Rd8 23. g5 hxg5 24. hxg5 Ne4 25. R1c2 Raa8 26. Bc3 Bd6 27. Rb7 Rab8 28.
Rxb8 Rxb8 29. Bb4 Bxb4 30. Nxb4 Nf8 31. Ne5 Nxg5 32. Rc7 Ra8 33. Nbd3 Ra1+ 34.
Kg2 Ra2 35. Rb7 Rd2 36. Nc5 Nfh7 37. Rxb5 Nf6 38. Rb7 Rb2 39. b4 Nfe4 40. Nxe4
Nxe4 41. Rxf7 Rxb4 42. Re7 Rb2 43. Ng4 Ng5 44. Nf6+ Kf8 45. Ra7 Nf7 46. Nd7+ Ke8
47. Nc5 Rb6 48. Nd3 g5 49. Kf3 Nd6 50. Nc5 Nf7 51. Kg4 Rc6 52. Na6 Kf8 53. Nc5
Ke8 54. f3 e5 55. Kf5 exd4 56. exd4 Rb6 57. Ne6 Rb3 58. f4 Rb6 59. Kf6 1-0

[Event "European Hybrid Qual 2021"]
[Site "Tornelo INT"]
[Date "2021.05.25"]
[Round "1.2"]
[White "Sebenik, Matej"]
[Black "Georgiev, Kiril"]
[Result "1-0"]
[WhiteTitle "GM"]
[BlackTitle "GM"]
[WhiteElo "2498"]
[BlackElo "2589"]
[WhiteFideId "14602296"]
[BlackFideId "2900017"]
[EventDate "2021.05.24"]
[EventType "k.o."]

1. d4 Nf6 2. c4 e6 3. g3 d5 4. Bg2 Be7 5. Nf3 O-O 6. O-O dxc4 7. Qc2 b6 8. Bg5
Nd5 9. Bxe7 Qxe7 10. Nbd2 Bb7 11. Nxc4 Nd7 12. Nfe5 Nxe5 13. Nxe5 c5 14. dxc5
bxc5 15. Rac1 Rfc8 16. Rfd1 Rab8 17. Qd2 h6 18. b3 Rc7 19. Qa5 Ba8 20. Rd2 Nb6
21. Bxa8 Rxa8 22. Nc4 Rb8 23. e4 Nxc4 24. Rxc4 Rbc8 25. Qc3 Kh7 26. h4 Qe8 27.
Qc2 Kg8 28. Qd3 Qb5 29. e5 Qb7 30. Qe3 a5 31. Kh2 Qb5 32. Rdc2 Qc6 33. Rd2 Qb5
34. Qc3 Ra8 35. Rd6 Rcc8 36. Qc2 Rab8 37. Qd2 Ra8 38. Rg4 Kh8 39. Rf4 Rf8 40.
Qe3 a4 41. bxa4 Rxa4 42. Rxa4 Qxa4 43. Qxc5 Kg8 44. a3 Qe4 45. Qd4 Qf3 46. a4 g5
47. hxg5 Kh7 48. Qd3+ Qxd3 49. Rxd3 hxg5 50. a5 Ra8 51. Ra3 Ra6 52. Kh3 Kg6 53.
Kg4 f6 54. Kf3 fxe5 55. Ke4 Kf6 56. g4 Ke7 57. Kxe5 Kf7 58. Kd4 Ke7 59. Kc5 Kd7
60. Kb5 Ra8 61. a6 Kc7 62. a7 Kb7 63. f3 e5 64. Ra4 1-0